Mario Games - Sudden Death - Statistics

General Stats
  • This quiz has been taken 1,076 times
  • The average score is 13 of 23
Answers on the Grid
Answers color-coded by a green-red scale on the quiz's grid according to % correct below.
Super Mario Bros.
Super Mario Odyssey
Super Mario Sunshine
Super Mario 64
New Super Mario Bros.
Super Mario All-Stars
Super Mario Kart
Dr. Mario
Mario Golf
Mario Party 9
Mario Sports Mix
Paper Mario
Super Mario Strikers
Super Mario RPG
Mario Super Sluggers
Super Mario Galaxy 2
Super Mario Maker
Mario Tennis: Ultra Smash
Mario + Rabbids Kingdom Battle
Super Mario Bros. Wonder
Super Mario Party
Mario & Luigi: Brothership
Super Mario Bros. 35
Super Duper Mario Bros.
Mario Kart 6
Super Mario Chaos
Super Mario Rush
Mario & Link: Trapped in Time
Super Mario Skates
Professor Mario
Mario Air Ride
Mario Champions
Mario's Woolly World
Mario 3D
Mario Most Wanted
 
Answer Stats
Answer % Correct
Super Mario 64
68%
Super Mario Bros.
68%
Paper Mario
65%
Super Mario Galaxy 2
65%
Super Mario Odyssey
65%
Dr. Mario
63%
Super Mario Kart
61%
Super Mario Party
61%
New Super Mario Bros.
59%
Super Mario Sunshine
59%
Super Mario Maker
58%
Super Mario All-Stars
55%
Super Mario Bros. Wonder
55%
Mario Party 9
54%
Mario Golf
53%
Mario + Rabbids Kingdom Battle
53%
Super Mario Strikers
52%
Super Mario RPG
51%
Mario Tennis: Ultra Smash
46%
Mario & Luigi: Brothership
44%
Mario Super Sluggers
42%
Mario Sports Mix
36%
Super Mario Bros. 35
31%
No matching quizzes found
Score Distribution
Percent of People with Each Score
Percentile by Number Answered
Your Score History
You have not taken this quiz